00691nam a2200229Ia 450000500170000000800410001702000150005804000180007304100080009108200210009910000200012024500840014025000120022426000380023630000300027465000420030465000250034665000340037170000200040570000170042570000190044220230518115435.0210716s2008 xx 000 0 und d a8126510870 cAIMIT LIBRARY aeng a004.62 23bORFR aOrfali, Robert. aClient/ server survival guide /cBy Robert orfali, Dan Harkey and Jeri Edwards. a3rd ed. aNew Delhi :bWiley India ,c2008. axxvii,762p. ;bPBc23 cm. aClients servers and operating systems aSql database servers aDistributed system management aOrfali, Robert. aHarkey, Dan. aEdwards, Jeri.